000 00402nam a2200157Ia 4500
008 240729s9999 xx 000 0 und d
022 _a2631-8369
245 0 _aOpenPhysio
260 _aUnited Kingdom
260 _bPhysiopedia
650 _a Therapeutics. Pharmacology
650 _aMedicine
856 _uhttps://doaj.org/toc/837a9544de8c4f31b086ca679a36afd5
942 _2ddc
942 _cDOAJEJ
999 _c65575
_d65575
945 _a1
_bMadushi Gamage
_c1
_dMadushi Gamage